000 00925cam a22002773a 4500
001 21091
003 PGUSA
005 20140828083441.0
008 070415s2007||||xxu|||||s|||||000 | eng d
040 _aPGUSA
_beng
042 _adc
050 4 _aDA
100 1 _aMorley, John,
_d1838-1923
245 1 4 _aThe Life of William Ewart Gladstone, Vol. 1 (of 3) :
_b1809-1859
_h[electronic resource] /
_cJohn Morley
260 _bProject Gutenberg,
_c2007
500 _aThis volume covers 1809-1859.
506 _aPublic domain in the USA.
516 _aElectronic text
653 _aGladstone, W. E. (William Ewart), 1809-1898
653 _aLiberal Party (Great Britain) -- Biography
653 _aGreat Britain -- Politics and government -- 1837-1901
653 _aPrime ministers -- Great Britain -- Biography
830 0 _aProject Gutenberg
_v21091
856 4 0 _uhttp://www.gutenberg.org/ebooks/21091
942 _cEB
999 _c250346
_d250346